00293 a2200121 4500001000700000040003500007100002500042240004200067245003700109300000700146362000900153440000900162152189 cEscola São Tomás de Aquino aAGUIAR, Luiz Antonio10aMaravilhas das mil e umas noiteslpor10aMaravilhas das mil e umas noites a790 a2007 1aFTD